|
|
|
|
| LEADER |
00626ntm a2200169 i 4500 |
| 001 |
misc68906 |
| 005 |
20211014111615.0 |
| 008 |
211014suuuu hu o 0|| hun d |
| 040 |
|
|
|a SZTE Miscellanea Repozitórium
|b hun
|
| 041 |
|
|
|a hun
|
| 245 |
0 |
3 |
|a Az önálló és független Erdély hadserege
|h [elektronikus dokumentum] :
|b [tervezet]
|
| 300 |
|
|
|a 4
|c 31 cm
|
| 650 |
|
4 |
|a Bölcsészettudományok
|
| 650 |
|
4 |
|a Történettudomány és régészet
|
| 650 |
|
4 |
|a Történettudomány
|
| 695 |
|
|
|a Erdély története - 20. sz., Autonómia, Békeelőkészítés
|
| 856 |
4 |
0 |
|u http://misc.bibl.u-szeged.hu/68906/1/4355_041.pdf
|z Dokumentum-elérés
|